00756nam a2200193 a 450000100100000000500170001000800410002704000250006810000360009324500800012926000340020930000210024349000320026450400320029650400730032883000390040195201050044099900170054500004385720201002045017.0140507s1993 pr 000 0 spa d aDO-SdBNPbspacBNPHU1 aJochamowitz, Luisd1953-97172510aCiudadano Fujimori :bla construccion de un político /cLuis Jochamowitz. aLima, Perú :bPeisa,c1993. a346 p. ;c22 cm.1 acrónicas contemporáneas aBibliografía : p. 343-346 aIncluye referencias bibliográficas y notas al pie de las páginas 0acrónicas contemporáneas971726 001050718MOaGRbGRcCTd2014-05-07iLF1l0o p43857-10r2020-06-25w2020-06-25y1ZNo se presta c43346d43346